| 000 | 00794nam a2200241 i 4500 | ||
|---|---|---|---|
| 001 | 66450 | ||
| 003 | ES-MaACL | ||
| 005 | 20231214204021.0 | ||
| 007 | t| | ||
| 008 | 021011s2002 sp ||||0| spa d | ||
| 020 | _a84-301-1466-1 | ||
| 080 | _a21"19" | ||
| 245 | 0 | 0 |
_aDios en el pensamiento hispano del siglo XX / _cJosé Luis Cabria, Juana Sánchez-Gey (eds.). |
| 260 |
_aSalamanca : _bSígueme, _c2002. |
||
| 300 |
_a526 p ; _c21 cm. |
||
| 490 | 1 |
_aEl peso de los días ; _v34 |
|
| 650 | 4 |
_aReligión- _xFilosofía- _yS.XX. _916801 |
|
| 700 | 1 |
_aCabria, José Luis. _933328 |
|
| 700 | 1 |
_aSánchez-Gey Venegas, Juana _9102669 |
|
| 830 | 1 |
_aEl peso de los días ; _v34 _9183009 |
|
| 852 |
_aES-MaACL _jL-26892 _z- Dedicatoria autógrafa de Juana Sánchez-Gey |
||
| 999 |
_c66450 _d66450 |
||